[Event "12ème open"]
[Site "Louviers"]
[Date "2009.05.31"]
[Round "4"]
[White "Duhamel, Benoit"]
[Black "Aknouche, Abdesslem"]
[Result "1/2-1/2"]
[WhiteElo "1930"]
[BlackElo "1650"]
[PlyCount "72"]
[EventDate "2009.05.30"]
[EventType "swiss"]
[EventRounds "6"]
[EventCountry "FRA"]

1. e4 g6 2. d4 Bg7 3. Nf3 d6 4. Be3 Nf6 5. Bd3 O-O 6. h3 c5 7. c3 c4 8. Bc2 Qa5
9. O-O Nbd7 10. Nbd2 b5 11. a4 a6 12. Qc1 Rb8 13. d5 Qc7 14. Nd4 Nc5 15. Nc6
Rb7 16. f3 Re8 17. axb5 axb5 18. Na5 Ra7 19. b4 cxb3 20. Naxb3 Rxa1 21. Qxa1
Nfd7 22. Bd4 e5 23. dxe6 Nxe6 24. Bd3 Bxd4+ 25. cxd4 Qb6 26. Rc1 Bb7 27. Kf1
Ra8 28. Qb2 Ra4 29. Nb1 Nxd4 30. Nxd4 Rxd4 31. Qxb5 Qxb5 32. Bxb5 Nc5 33. Ke2
Ne6 34. Bc4 d5 35. exd5 Bxd5 36. Bxd5 Rxd5 1/2-1/2

[Event "12ème open"]
[Site "Louviers"]
[Date "2009.05.31"]
[Round "4"]
[White "Duverne, Jean Marie"]
[Black "Tirard, Hugo"]
[Result "0-1"]
[WhiteElo "2158"]
[BlackElo "2425"]
[PlyCount "68"]
[EventDate "2009.05.30"]
[EventType "swiss"]
[EventRounds "6"]
[EventCountry "FRA"]

1. e4 c5 2. Nf3 Nc6 3. c3 Nf6 4. e5 Nd5 5. d4 cxd4 6. cxd4 d6 7. Bc4 Nb6 8. Bb3
g6 9. exd6 Qxd6 10. O-O Bg7 11. Nc3 O-O 12. Be3 Na5 13. Ne5 Nxb3 14. axb3 Be6
15. Ne4 Qd8 16. Nc5 Bd5 17. Qd2 Nc8 18. Bh6 Nd6 19. Bxg7 Kxg7 20. Rfe1 b6 21.
Ncd3 Nf5 22. Qf4 Bb7 23. Nf3 Bxf3 24. Qxf3 Nxd4 25. Qd1 Qd6 26. Re3 Rfd8 27.
Qe1 Kg8 28. Rh3 Nc2 29. Qc1 Nxa1 30. Qh6 Qf6 31. Qxh7+ Kf8 32. Rf3 Qg7 33. Qh4
Nxb3 34. h3 Nd4 0-1

[Event "12ème open"]
[Site "Louviers"]
[Date "2009.05.31"]
[Round "4"]
[White "Guillaumat, Jean Pierre"]
[Black "Arinal, Serge"]
[Result "1-0"]
[WhiteElo "1957"]
[BlackElo "1710"]
[PlyCount "91"]
[EventDate "2009.05.30"]
[EventType "swiss"]
[EventRounds "6"]
[EventCountry "FRA"]

1. d4 Nf6 2. b4 g6 3. Bb2 Bg7 4. Nf3 b6 5. e3 Bb7 6. Nbd2 O-O 7. c4 d5 8. Rc1
e6 9. c5 Nc6 10. a3 a6 11. Be2 b5 12. O-O Ne7 13. Nb3 Nc6 14. Ne5 Nd7 15. Nxc6
Bxc6 16. Na5 Nb8 17. f4 Be8 18. c6 Qd6 19. Qc2 f6 20. Qc5 Qxc5 21. Rxc5 f5 22.
Rfc1 Bf6 23. R5c2 h5 24. Bf3 g5 25. g3 g4 26. Bg2 Kf7 27. Kf2 h4 28. Bc3 h3 29.
Bf1 Ke7 30. Bd2 Bf7 31. Bd3 Rd8 32. Rc5 Be8 33. Be2 Rd6 34. Bd1 Ra7 35. Ke2 Kf7
36. Kd3 Be7 37. R5c3 Bf6 38. Be1 Bg7 39. Nb7 Bxc6 40. Nxd6+ cxd6 41. Rxc6 Nxc6
42. Rxc6 Ke7 43. Rc8 e5 44. Bb3 exd4 45. exd4 Kd7 46. Rc2 1-0

[Event "12ème open"]
[Site "Louviers"]
[Date "2009.05.31"]
[Round "4"]
[White "Josse, Sebastien"]
[Black "Debray, Christopher"]
[Result "0-1"]
[WhiteElo "1800"]
[BlackElo "2299"]
[PlyCount "62"]
[EventDate "2009.05.30"]
[EventType "swiss"]
[EventRounds "6"]
[EventCountry "FRA"]

1. f4 e5 2. fxe5 d6 3. exd6 Bxd6 4. Nf3 g5 5. g3 Nc6 6. c3 g4 7. Nh4 Be7 8. Ng2
h5 9. Nf4 h4 10. Bg2 Qd6 11. d4 Bf5 12. Qb3 O-O-O 13. Nd2 hxg3 14. Nc4 Qf6 15.
hxg3 Rxh1+ 16. Bxh1 Qh6 17. Bg2 Qh2 18. Kf2 Nf6 19. Nd2 Bd6 20. Qb5 Be4 21. Nf1
Qh7 22. Qg5 Be7 23. Ne3 Rg8 24. Qb5 a6 25. Qa4 Bxg2 26. Kxg2 Rh8 27. Kf2 Ne4+
28. Ke1 Qh1+ 29. Nf1 Nxg3 30. Qd1 Qxf1+ 31. Kd2 Qxf4+ 0-1

[Event "12ème open"]
[Site "Louviers"]
[Date "2009.05.31"]
[Round "4"]
[White "Levesque, Thomas"]
[Black "Grenet, Dominique"]
[Result "1-0"]
[WhiteElo "1950"]
[BlackElo "1440"]
[PlyCount "51"]
[EventDate "2009.05.30"]
[EventType "swiss"]
[EventRounds "6"]
[EventCountry "FRA"]

1. d4 Nf6 2. c4 d5 3. Nc3 g6 4. Nf3 Bg7 5. cxd5 Nxd5 6. e4 Nxc3 7. bxc3 O-O 8.
Bd3 b6 9. h4 Bg4 10. Be2 Nd7 11. Be3 Nf6 12. Nd2 Bxe2 13. Qxe2 Re8 14. f3 Nh5
15. Qf2 c6 16. g4 Nf6 17. h5 e6 18. hxg6 fxg6 19. Qh4 Qd7 20. e5 Nd5 21. Qxh7+
Kf7 22. Bh6 Rg8 23. Ne4 Raf8 24. Nd6+ Ke7 25. Bxg7 Rxf3 26. Bf6+ 1-0

[Event "12ème open"]
[Site "Louviers"]
[Date "2009.05.31"]
[Round "4"]
[White "Pytel, Bozena"]
[Black "Marchandise, Frederic"]
[Result "1-0"]
[WhiteElo "1960"]
[BlackElo "1862"]
[PlyCount "91"]
[EventDate "2009.05.30"]
[EventType "swiss"]
[EventRounds "6"]
[EventCountry "FRA"]

1. Nf3 c5 2. c4 Nc6 3. Nc3 d6 4. d4 cxd4 5. Nxd4 Bd7 6. e4 g6 7. Be3 Bg7 8. Be2
Nf6 9. Nc2 a6 10. f3 O-O 11. O-O Rc8 12. Qd2 Ne5 13. b3 Bc6 14. Rac1 Ned7 15.
Rfd1 Ne8 16. Nd4 Ne5 17. f4 Nd7 18. Bf3 Nb8 19. Nd5 e6 20. Nc3 Bd7 21. Nde2 Qa5
22. Nd5 Qxd2 23. Ne7+ Kh8 24. Rxd2 Rc5 25. Bxc5 dxc5 26. Rcd1 Bc6 27. Nxc6 Nxc6
28. e5 g5 29. g3 gxf4 30. gxf4 f6 31. Bxc6 bxc6 32. exf6 Bxf6 33. Rf1 Rg8+ 34.
Kf2 Bh4+ 35. Kf3 Ng7 36. Rg1 Rf8 37. Ke4 Nf5 38. Rd7 Bf2 39. Rg2 Be3 40. Rg5
Bd4 41. Rh5 Bg7 42. Ng3 Nh6 43. Rh4 Nf5 44. Nxf5 exf5+ 45. Kf3 Re8 46. Rh5 1-0

[Event "12ème open"]
[Site "Louviers"]
[Date "2009.05.31"]
[Round "4"]
[White "Roussel, Julien"]
[Black "Goy, Wilfried"]
[Result "1-0"]
[WhiteElo "1859"]
[BlackElo "1953"]
[PlyCount "89"]
[EventDate "2009.05.30"]
[EventType "swiss"]
[EventRounds "6"]
[EventCountry "FRA"]

1. d4 Nf6 2. c4 g6 3. Nc3 Bg7 4. e4 d6 5. Nf3 c6 6. Be2 O-O 7. O-O Na6 8. h3 c5
9. d5 Nd7 10. Be3 Nc7 11. Qd2 a6 12. a4 Rb8 13. Bh6 a5 14. Bxg7 Kxg7 15. Nd1
Na6 16. Qc3+ f6 17. Ng5 Ne5 18. f4 Nf7 19. Ne3 Nb4 20. Bg4 Nxg5 21. fxg5 h5 22.
gxf6+ exf6 23. Bxc8 Rxc8 24. g4 hxg4 25. Nxg4 Qe7 26. Rf2 Rf7 27. Raf1 Rcf8 28.
b3 Qxe4 29. Nxf6 Qd4 30. Qxd4 cxd4 31. Ne8+ Rxe8 32. Rxf7+ Kh6 33. Rxb7 Re3 34.
Rd1 d3 35. Rxb4 axb4 36. c5 dxc5 37. d6 Re8 38. Rxd3 Rd8 39. a5 Kg7 40. a6 Kf7
41. a7 Ke6 42. d7 Ke7 43. Kf2 c4 44. bxc4 b3 45. Rxb3 1-0

[Event "12ème open"]
[Site "Louviers"]
[Date "2009.05.31"]
[Round "4"]
[White "Rousselin, Marc"]
[Black "Houriez, Philippe"]
[Result "1-0"]
[WhiteElo "1578"]
[BlackElo "1610"]
[PlyCount "79"]
[EventDate "2009.05.30"]
[EventType "swiss"]
[EventRounds "6"]
[EventCountry "FRA"]

1. e4 e5 2. d4 exd4 3. c3 dxc3 4. Bc4 cxb2 5. Bxb2 Nf6 6. e5 Bb4+ 7. Nc3 Qe7 8.
Nf3 Ng4 9. O-O Bxc3 10. Bxc3 O-O 11. Qd4 Nh6 12. Bb4 Qd8 13. Bxf8 Kxf8 14. Rfe1
Nc6 15. Qf4 Qe7 16. Rad1 b6 17. Re3 Bb7 18. Red3 Rd8 19. Bd5 Ba6 20. R3d2 Nb4
21. Be4 Kg8 22. a3 f5 23. Bxf5 Nxf5 24. Qxf5 Nc6 25. Rxd7 Rxd7 26. Qxd7 Bb5 27.
Qd5+ Kf8 28. Qxb5 Qe6 29. Qd5 Qxd5 30. Rxd5 Ke7 31. Rd3 h6 32. Kf1 Ke6 33. Ke2
a6 34. Kd2 g5 35. g4 Ne7 36. Rd8 Ng6 37. Ke3 Nf4 38. Rh8 Nd5+ 39. Kd2 c5 40.
Rxh6+ 1-0

[Event "12ème open"]
[Site "Louviers"]
[Date "2009.06.01"]
[Round "5"]
[White "Boursier, Xavier"]
[Black "Roussel, Julien"]
[Result "1-0"]
[WhiteElo "2018"]
[BlackElo "1859"]
[PlyCount "51"]
[EventDate "2009.05.30"]
[EventType "swiss"]
[EventRounds "6"]
[EventCountry "FRA"]

1. e4 Nf6 2. e5 Nd5 3. c4 Nb6 4. d4 d6 5. exd6 cxd6 6. Nc3 g6 7. Be3 Bg7 8. Rc1
O-O 9. b3 Nc6 10. Be2 e5 11. dxe5 dxe5 12. Qxd8 Rxd8 13. c5 Nd7 14. Nf3 Nd4 15.
Nb5 Nxe2 16. Kxe2 b6 17. Nc7 Rb8 18. Rhd1 e4 19. Ng5 Be5 20. cxb6 axb6 21. Nxe4
Bb7 22. Nd5 f5 23. Nec3 Bxh2 24. g3 Ba6+ 25. Kf3 Bb7 26. Bg5 1-0

[Event "12ème open"]
[Site "Louviers"]
[Date "2009.06.01"]
[Round "5"]
[White "Dallery, Christophe"]
[Black "Josse, Sebastien"]
[Result "1/2-1/2"]
[WhiteElo "1960"]
[BlackElo "1800"]
[PlyCount "79"]
[EventDate "2009.05.30"]
[EventType "swiss"]
[EventRounds "6"]
[EventCountry "FRA"]

1. d4 Nf6 2. Nf3 e6 3. c4 c5 4. d5 exd5 5. cxd5 d6 6. Nc3 g6 7. Bg5 Bg7 8. e3
Qa5 9. Qd2 Bg4 10. Bf4 O-O 11. Bxd6 Rd8 12. Be7 Rd7 13. d6 Bxf3 14. gxf3 Ne8
15. Bc4 Bxc3 16. bxc3 Nc6 17. Bh4 Rxd6 18. Qb2 Ne5 19. Be2 Nd3+ 20. Bxd3 Rxd3
21. O-O b6 22. c4 Qb4 23. Qc2 Qc3 24. Qa4 Nd6 25. Rac1 Qa3 26. Qc6 Rc8 27. Qd7
Qa6 28. Rfd1 Rxd1+ 29. Rxd1 Nf5 30. Bf6 h6 31. Qd8+ Kh7 32. Qd7 Rf8 33. Rd5
Qxc4 34. Rxf5 gxf5 35. Qxf5+ Kg8 36. Qh5 Kh7 37. Qf5+ Kg8 38. Qh5 Kh7 39. Qf5+
Kg8 40. Qh5 1/2-1/2

[Event "12ème open"]
[Site "Louviers"]
[Date "2009.06.01"]
[Round "5"]
[White "Dunand, Damien"]
[Black "Duhamel, Benoit"]
[Result "0-1"]
[WhiteElo "1620"]
[BlackElo "1930"]
[PlyCount "108"]
[EventDate "2009.05.30"]
[EventType "swiss"]
[EventRounds "6"]
[EventCountry "FRA"]

1. c4 e5 2. g3 g6 3. Bg2 Bg7 4. Nc3 Nf6 5. e3 O-O 6. Nge2 c6 7. d4 d6 8. dxe5
dxe5 9. Qxd8 Rxd8 10. O-O Be6 11. b3 Na6 12. Rd1 Ng4 13. h3 Nh6 14. Bb2 f5 15.
Rxd8+ Rxd8 16. Rd1 Rxd1+ 17. Nxd1 Nb4 18. Ndc3 Kf7 19. e4 Ng8 20. exf5 gxf5 21.
a3 Nd3 22. Ba1 Nc5 23. Nc1 e4 24. Bb2 b5 25. cxb5 cxb5 26. b4 Nb3 27. N1e2 Ne7
28. Nd1 Bc4 29. Nf4 Nd2 30. Bxg7 Kxg7 31. Nc3 Kf6 32. a4 bxa4 33. Nxa4 Nc6 34.
b5 Bxb5 35. Nd5+ Ke5 36. Nac3 Bd3 37. Nf4 Kd4 38. Nxd3 Kxc3 39. Nc5 a5 40. Na4+
Kb4 41. Nb6 a4 42. Nxa4 Kxa4 43. g4 fxg4 44. hxg4 Ne5 45. g5 Nef3+ 46. Bxf3
Nxf3+ 47. Kg2 Nxg5 48. Kg3 Kb4 49. Kf4 h6 50. Ke3 Kc4 51. Kd2 Kd4 52. Ke2 Ke5
53. Kd2 Kf4 54. Ke2 Nh3 0-1

[Event "12ème open"]
[Site "Louviers"]
[Date "2009.06.01"]
[Round "5"]
[White "Goy, Wilfried"]
[Black "Rousselin, Marc"]
[Result "1-0"]
[WhiteElo "1953"]
[BlackElo "1578"]
[PlyCount "123"]
[EventDate "2009.05.30"]
[EventType "swiss"]
[EventRounds "6"]
[EventCountry "FRA"]

1. e4 c5 2. Nc3 d6 3. g3 Nc6 4. Bg2 g6 5. Nge2 Bg7 6. O-O e6 7. d3 Nge7 8. Be3
O-O 9. Qd2 Nd4 10. Nd1 Rb8 11. f4 b5 12. c3 Nxe2+ 13. Qxe2 a5 14. d4 cxd4 15.
cxd4 b4 16. Nf2 Bd7 17. Rfd1 Bb5 18. Qd2 Qd7 19. g4 f5 20. gxf5 exf5 21. e5
dxe5 22. dxe5 Qxd2 23. Rxd2 Rfd8 24. Rad1 Rxd2 25. Rxd2 Rc8 26. Bf3 Bc6 27. Kg2
Bf8 28. h4 a4 29. Kg3 Bxf3 30. Kxf3 b3 31. axb3 axb3 32. Rd3 Rb8 33. Rd7 Nc6
34. Rc7 Ba3 35. Nd3 Nb4 36. Bc5 Nxd3 37. Bxa3 Ne1+ 38. Ke2 Ng2 39. Kf3 Ne1+ 40.
Ke2 Ng2 41. Kf3 Ne1+ 42. Kf2 Nc2 43. Bd6 Rd8 44. Rb7 Nd4 45. Ke3 Nc2+ 46. Kd2
Nd4 47. Ke3 Nc2+ 48. Kd3 Ne1+ 49. Kc4 Ng2 50. Be7 Rc8+ 51. Kxb3 Nxf4 52. Bg5
Ne6 53. Re7 Nxg5 54. hxg5 f4 55. Rd7 f3 56. Rd2 Rf8 57. Rf2 Rf5 58. Kc4 Rxe5
59. Rxf3 Rxg5 60. b4 Rf5 61. Rxf5 gxf5 62. b5 1-0

[Event "12ème open"]
[Site "Louviers"]
[Date "2009.06.01"]
[Round "5"]
[White "Grenet, Dominique"]
[Black "Bordelet, Louis"]
[Result "1/2-1/2"]
[WhiteElo "1440"]
[BlackElo "1804"]
[PlyCount "90"]
[EventDate "2009.05.30"]
[EventType "swiss"]
[EventRounds "6"]
[EventCountry "FRA"]

1. e4 e5 2. Nf3 Nc6 3. d4 exd4 4. Nxd4 Qh4 5. Qd3 Ne5 6. Qe2 Nf6 7. Nd2 Bb4 8.
c3 Ba5 9. Nf5 Qg4 10. Qxg4 Nexg4 11. Be2 Rg8 12. O-O d5 13. Ng3 Ne5 14. Rd1 Bd7
15. a4 a6 16. b4 Bb6 17. a5 Ba7 18. h3 Bc6 19. Bb2 dxe4 20. Nc4 Ned7 21. Nf5 g6
22. Nd4 Bd5 23. Ne3 Bxd4 24. Rxd4 Bc6 25. c4 Nf8 26. Rd2 Ke7 27. b5 axb5 28.
cxb5 Bd7 29. Bxf6+ Kxf6 30. Nd5+ Kg7 31. Nxc7 Rc8 32. b6 Bc6 33. Rc1 h5 34. Nd5
Rd8 35. Bc4 Ne6 36. Rcd1 Rge8 37. Nb4 Ba4 38. Rxd8 Rxd8 39. Rxd8 Nxd8 40. a6
bxa6 41. Bxa6 Bc6 42. Kf1 Kf6 43. g3 Ke6 44. Ke2 Kd6 45. Ke3 Ke5 1/2-1/2

[Event "12ème open"]
[Site "Louviers"]
[Date "2009.06.01"]
[Round "5"]
[White "Houriez, Philippe"]
[Black "Lannaud, Jean Charles"]
[Result "0-1"]
[WhiteElo "1610"]
[BlackElo "1610"]
[PlyCount "142"]
[EventDate "2009.05.30"]
[EventType "swiss"]
[EventRounds "6"]
[EventCountry "FRA"]

1. e4 e6 2. d4 d5 3. exd5 exd5 4. Nf3 Nf6 5. Bg5 Be7 6. Be2 O-O 7. O-O Bf5 8.
Ne5 Nbd7 9. Nxd7 Nxd7 10. Bxe7 Qxe7 11. Bd3 Bg6 12. Bxg6 fxg6 13. Qd3 Qf7 14.
Nd2 c5 15. b3 b6 16. Rae1 Rae8 17. Rxe8 Rxe8 18. Nf3 h6 19. Rd1 cxd4 20. Qxd4
Nf6 21. Kf1 Qb7 22. Ne5 Kh7 23. a4 Qc7 24. Re1 Qxc2 25. Qd3 Qxd3+ 26. Nxd3
Rxe1+ 27. Kxe1 Nd7 28. Ke2 Kg8 29. Nf4 Nc5 30. b4 Nxa4 31. Nxd5 Kf7 32. Ke3 g5
33. g4 Ke6 34. Kd4 Kd6 35. Ne3 Kc6 36. Kc4 b5+ 37. Kb3 g6 38. Ng2 Kd5 39. f4
Ke4 40. fxg5 hxg5 41. Ne1 Kf4 42. h3 Kg3 43. Nd3 Kxh3 44. Ne5 Nb6 45. Nc6 Kxg4
46. Nxa7 Kh5 47. Nxb5 g4 48. Nd4 g3 49. Ne2 Kg4 50. Kc2 Kf3 51. Kd3 g2 52. Ng1+
Kg3 53. b5 g5 54. Ke4 g4 55. Ke3 Nd5+ 56. Kd2 Kf2 57. Ne2 g1=Q 58. Nxg1 Kxg1
59. Kd3 g3 60. Kd4 Nb6 61. Kc5 Nc8 62. Kc6 Kf1 63. Kc7 g2 64. Kxc8 g1=Q 65. Kc7
Qa7+ 66. Kc6 Qb8 67. b6 Ke2 68. b7 Kd3 69. Kb6 Kd4 70. Kc6 Kc4 71. Kb6 Kd5 0-1

[Event "12ème open"]
[Site "Louviers"]
[Date "2009.06.01"]
[Round "5"]
[White "Lefebvre, Richard"]
[Black "Frey, Alain"]
[Result "1-0"]
[WhiteElo "1890"]
[BlackElo "1770"]
[PlyCount "48"]
[EventDate "2009.05.30"]
[EventType "swiss"]
[EventRounds "6"]
[EventCountry "FRA"]

1. e4 g6 2. d4 d6 3. Nf3 Bg7 4. Be3 Nf6 5. Nc3 a6 6. Qd2 b5 7. Bd3 Ng4 8. Bg5
c5 9. Be2 c4 10. Nd5 Nf6 11. Nxf6+ exf6 12. Bh4 Qb6 13. c3 Bb7 14. Qe3 O-O 15.
O-O Re8 16. Nd2 f5 17. f3 Nd7 18. Qf2 Bh6 19. Rad1 g5 20. Bxg5 Bxg5 21. Qg3 Qd8
22. f4 fxe4 23. Nxe4 Bxe4 24. fxg5 Re6 1-0

[Event "12ème open"]
[Site "Louviers"]
[Date "2009.06.01"]
[Round "5"]
[White "Levesque, Thomas"]
[Black "Pytel, Bozena"]
[Result "0-1"]
[WhiteElo "1950"]
[BlackElo "1960"]
[PlyCount "94"]
[EventDate "2009.05.30"]
[EventType "swiss"]
[EventRounds "6"]
[EventCountry "FRA"]

1. d4 f5 2. c4 g6 3. Nf3 Nf6 4. Nc3 d6 5. Qc2 Bg7 6. Bg5 Nc6 7. O-O-O Bd7 8. e3
Qc8 9. h3 e5 10. a3 O-O 11. Bxf6 Bxf6 12. Be2 e4 13. Nh2 Ne7 14. Rhg1 c5 15. g4
Kh8 16. g5 Bg7 17. h4 cxd4 18. exd4 Be8 19. Nf1 Qd7 20. Ng3 Rc8 21. b3 d5 22.
Kb1 Bf7 23. c5 f4 24. Bb5 Qd8 25. Nh1 a6 26. Be2 Nc6 27. Bg4 Rc7 28. Ne2 f3 29.
Nc3 Nxd4 30. Rxd4 Bxd4 31. b4 Bg7 32. Rd1 b6 33. Nxe4 bxc5 34. Nxc5 Qe7 35. Kc1
Qe5 36. Bh3 Qa1+ 37. Kd2 Qxa3 38. Rb1 a5 39. Rb3 Qa1 40. Rb1 Qd4+ 41. Qd3 a4
42. Qxd4 Bxd4 43. Nd3 Bc3+ 44. Ke3 d4+ 45. Ke4 Re7+ 46. Ne5 d3 47. Kxd3 Bxe5
0-1

[Event "12ème open"]
[Site "Louviers"]
[Date "2009.06.01"]
[Round "5"]
[White "Marchandise, Frederic"]
[Black "Billard, Sebastien"]
[Result "1-0"]
[WhiteElo "1862"]
[BlackElo "1600"]
[PlyCount "55"]
[EventDate "2009.05.30"]
[EventType "swiss"]
[EventRounds "6"]
[EventCountry "FRA"]

1. c4 f5 2. Nc3 Nf6 3. d4 e6 4. Bg5 Bb4 5. Nf3 O-O 6. a3 Bxc3+ 7. bxc3 Qe8 8.
e3 d6 9. Bd3 Ne4 10. Bxe4 fxe4 11. Nd2 d5 12. O-O c6 13. Qb3 Qg6 14. Bf4 Nd7
15. c5 Rf7 16. Qc2 Qf5 17. f3 exf3 18. Qxf5 Rxf5 19. Nxf3 Rf7 20. Ng5 Rf6 21.
e4 Nf8 22. Ra2 b6 23. e5 Rxf4 24. Rxf4 bxc5 25. dxc5 Rb8 26. Rb4 Rxb4 27. axb4
h6 28. Nf3 1-0

[Event "12ème open"]
[Site "Louviers"]
[Date "2009.06.01"]
[Round "5"]
[White "Perrusset, Barbara"]
[Black "Pheng, Wissam"]
[Result "0-1"]
[WhiteElo "1817"]
[BlackElo "1400"]
[PlyCount "60"]
[EventDate "2009.05.30"]
[EventType "swiss"]
[EventRounds "6"]
[EventCountry "FRA"]

1. e4 e5 2. Nf3 Nc6 3. Nc3 Nf6 4. d4 exd4 5. Nxd4 Bb4 6. Nxc6 bxc6 7. Bd3 Qe7
8. O-O Bxc3 9. bxc3 O-O 10. Re1 Re8 11. Bg5 Qe6 12. Qf3 Ng4 13. Qg3 d6 14. f4
Nf6 15. Rab1 Kf8 16. e5 dxe5 17. Rxe5 Qg4 18. Bxf6 Qxg3 19. Bxg7+ Qxg7 20. Rh5
Qxc3 21. h3 Re1+ 22. Rxe1 Qxe1+ 23. Kh2 Qf2 24. Rxh7 Qxf4+ 25. Kh1 Rb8 26. c4
Kg8 27. Rh5 Rb2 28. a4 Rd2 29. Bh7+ Kf8 30. Bd3 Rd1+ 0-1

[Event "12ème open"]
[Site "Louviers"]
[Date "2009.06.01"]
[Round "5"]
[White "Tirard, Hugo"]
[Black "Debray, Christopher"]
[Result "1-0"]
[WhiteElo "2425"]
[BlackElo "2299"]
[PlyCount "70"]
[EventDate "2009.05.30"]
[EventType "swiss"]
[EventRounds "6"]
[EventCountry "FRA"]

1. e4 c5 2. Nf3 e6 3. d4 cxd4 4. Nxd4 a6 5. Nc3 Qc7 6. Be3 Bb4 7. Nde2 Nf6 8.
a3 Bc5 9. Qd3 b5 10. Bxc5 Qxc5 11. Qg3 O-O 12. e5 Nh5 13. Qg5 g6 14. g4 Bb7 15.
Rg1 Ng7 16. f4 Ne8 17. Rg3 d6 18. Qe7 Ra7 19. O-O-O Bc6 20. Qg5 Nd7 21. Qh4
dxe5 22. Rh3 Nef6 23. b4 Qe7 24. Rxd7 Rxd7 25. fxe5 Nh5 26. Qxe7 Rxe7 27. gxh5
f6 28. Nd4 fxe5 29. Nxc6 Rxf1+ 30. Kb2 Ref7 31. hxg6 hxg6 32. Nxe5 Rh7 33. Rg3
Rxh2 34. Rxg6+ Kf8 35. Ne4 Rhh1 {Suite non lisible} 1-0

[Event "12ème open"]
[Site "Louviers"]
[Date "2009.06.01"]
[Round "5"]
[White "Vigneron, Frederic"]
[Black "Pytel, Krzysztof"]
[Result "0-1"]
[WhiteElo "1949"]
[BlackElo "2387"]
[PlyCount "46"]
[EventDate "2009.05.30"]
[EventType "swiss"]
[EventRounds "6"]
[EventCountry "FRA"]

1. d4 Nf6 2. c4 g6 3. Nc3 d5 4. cxd5 Nxd5 5. e4 Nxc3 6. bxc3 Bg7 7. Bc4 O-O 8.
Ne2 c5 9. Be3 Nc6 10. O-O Na5 11. Bd3 b6 12. Qd2 e5 13. d5 f5 14. f3 f4 15. Bf2
c4 16. Bc2 Qd6 17. g3 Bh3 18. gxf4 exf4 19. Rfe1 Qe5 20. Kh1 Qg5 21. Rg1 Qh5
22. Nxf4 Qxf3+ 23. Ng2 Qxf2 0-1

[Event "12ème open"]
[Site "Louviers"]
[Date "2009.06.01"]
[Round "5"]
[White "Vincent, Didier"]
[Black "Guillaumat, Jean Pierre"]
[Result "1/2-1/2"]
[WhiteElo "2045"]
[BlackElo "1957"]
[PlyCount "42"]
[EventDate "2009.05.30"]
[EventType "swiss"]
[EventRounds "6"]
[EventCountry "FRA"]

1. e4 c5 2. Nc3 e6 3. Nf3 a6 4. g3 d6 5. Bg2 Be7 6. O-O Nc6 7. Re1 Qc7 8. d3
Nf6 9. h3 O-O 10. Be3 b5 11. a3 Bb7 12. Qe2 Rfe8 13. Rad1 b4 14. axb4 cxb4 15.
Na4 Nd7 16. d4 Rac8 17. Nd2 Na5 18. Rc1 Nc4 19. Nxc4 Qxc4 20. Qxc4 Rxc4 21. b3
Rc7 1/2-1/2

[Event "12ème open"]
[Site "Louviers"]
[Date "2009.06.01"]
[Round "5"]
[White "Vincent, Didier"]
[Black "Houriez, Philippe"]
[Result "1-0"]
[WhiteElo "2045"]
[BlackElo "1610"]
[PlyCount "76"]
[EventDate "2009.05.30"]
[EventType "swiss"]
[EventRounds "6"]
[EventCountry "FRA"]

1. e4 e5 2. Nc3 Nf6 3. g3 Be7 4. Bg2 d6 5. d3 O-O 6. Nf3 Be6 7. O-O Qd7 8. Ng5
c6 9. d4 exd4 10. Qxd4 h6 11. Nxe6 Qxe6 12. h3 Nbd7 13. Be3 Nb6 14. Rad1 Rfd8
15. Rfe1 Nh7 16. b3 Nd7 17. Ne2 Qe5 18. Qd2 Ndf6 19. Nd4 Bf8 20. Bf4 Qc5 21. c4
a6 22. g4 Ng5 23. Nf5 Ne6 24. Be3 Qa3 25. Qc2 Nc5 26. Bd4 Ne6 27. Nxh6+ gxh6
28. Bxf6 Re8 29. Qd2 Qc5 30. Qe3 Qxe3 31. Rxe3 Nf4 32. Bh4 Re6 33. Bg3 Nxg2 34.
Kxg2 Rae8 35. f3 d5 36. cxd5 cxd5 37. Rxd5 Rc6 38. Re2 Rec8 {Suite non lisible}
1-0

[Event "12ème open"]
[Site "Louviers"]
[Date "2009.06.01"]
[Round "6"]
[White "Bordelet, Louis"]
[Black "Aknouche, Abdesslem"]
[Result "1/2-1/2"]
[WhiteElo "1804"]
[BlackElo "1650"]
[PlyCount "32"]
[EventDate "2009.05.30"]
[EventType "swiss"]
[EventRounds "6"]
[EventCountry "FRA"]

1. e4 g6 2. d4 Bg7 3. f4 d6 4. Nf3 Nf6 5. Nc3 c5 6. Bb5+ Bd7 7. O-O Bxb5 8.
Nxb5 Nxe4 9. dxc5 Nxc5 10. c3 O-O 11. Kh1 Nc6 12. Qe2 a6 13. Na3 Re8 14. Be3
Nd7 15. Rad1 Qc7 16. Qf2 Qa5 1/2-1/2

[Event "12ème open"]
[Site "Louviers"]
[Date "2009.06.01"]
[Round "6"]
[White "Dasilva, Antoine"]
[Black "Vigneron, Frederic"]
[Result "0-1"]
[WhiteElo "1640"]
[BlackElo "1949"]
[PlyCount "38"]
[EventDate "2009.05.30"]
[EventType "swiss"]
[EventRounds "6"]
[EventCountry "FRA"]

1. e4 c5 2. Nf3 Nc6 3. c3 Nf6 4. e5 Nd5 5. d4 cxd4 6. cxd4 e6 7. Nc3 Nxc3 8.
bxc3 d5 9. exd6 Bxd6 10. Bb5 O-O 11. Bxc6 bxc6 12. Rb1 Ba6 13. Ne5 Qh4 14. Be3
Qe4 15. Nf3 f5 16. g3 f4 17. gxf4 Rxf4 18. Rg1 Rxf3 19. Qb3 Rxe3+ 0-1

[Event "12ème open"]
[Site "Louviers"]
[Date "2009.06.01"]
[Round "6"]
[White "Debray, Christopher"]
[Black "Boursier, Xavier"]
[Result "1-0"]
[WhiteElo "2299"]
[BlackElo "2018"]
[PlyCount "83"]
[EventDate "2009.05.30"]
[EventType "swiss"]
[EventRounds "6"]
[EventCountry "FRA"]

1. d4 Nf6 2. c4 c5 3. d5 b5 4. Qc2 bxc4 5. e4 d6 6. Bxc4 Bb7 7. Nc3 Nbd7 8. f4
g6 9. Nf3 Qb8 10. O-O Bg7 11. Qe2 O-O 12. e5 Ne8 13. e6 Nb6 14. exf7+ Rxf7 15.
Ng5 Bd4+ 16. Be3 Rg7 17. Bb3 Nc7 18. Rfd1 Bxe3+ 19. Qxe3 Qf8 20. a4 h6 21. Ne6
Nxe6 22. Qxe6+ Kh7 23. a5 Bc8 24. Qe3 Nd7 25. Bc2 Rb8 26. Rf1 Nf6 27. b3 Ng4
28. Qg3 Qf6 29. Rae1 Bf5 30. Ne4 Qd4+ 31. Kh1 Nf6 32. Nxf6+ Qxf6 33. Bd1 Qd4
34. Qh4 g5 35. Qh5 Qxd5 36. fxg5 Rxg5 37. Rxe7+ Kg8 38. Bf3 Rxh5 39. Bxd5+ Kh8
40. Bf7 Rg5 41. h4 Bd3 42. Rf3 1-0

[Event "12ème open"]
[Site "Louviers"]
[Date "2009.06.01"]
[Round "6"]
[White "Duhamel, Benoit"]
[Black "Marchandise, Frederic"]
[Result "1-0"]
[WhiteElo "1930"]
[BlackElo "1862"]
[PlyCount "95"]
[EventDate "2009.05.30"]
[EventType "swiss"]
[EventRounds "6"]
[EventCountry "FRA"]

1. e4 c5 2. Nf3 Nc6 3. d4 cxd4 4. Nxd4 d6 5. Be3 g6 6. Nc3 Bg7 7. Qd2 Bd7 8. f4
a6 9. h3 b5 10. g3 Na5 11. a3 Rc8 12. Nd5 Nc4 13. Bxc4 Rxc4 14. O-O-O e5 15.
fxe5 Bxe5 16. b3 Rc8 17. Nf3 Nf6 18. Bb6 Nxe4 19. Qh6 Rxc2+ 20. Kxc2 Qc8+ 21.
Nc7+ Ke7 22. Nxe5 dxe5 23. Qh4+ f6 24. Kb2 Bc6 25. Rhe1 Qb7 26. Ba5 h5 27. Nd5+
Bxd5 28. Rxd5 Qxd5 29. Qxe4 Qxe4 30. Rxe4 Rc8 31. Re3 Ke6 32. Rc3 Rxc3 33. Kxc3
f5 34. Kd3 Kd5 35. Bd8 Ke6 36. a4 f4 37. gxf4 exf4 38. Ke4 f3 39. Kxf3 Kf5 40.
h4 Ke5 41. Ke3 Kd5 42. Kd3 Kc5 43. Be7+ Kb6 44. axb5 Kxb5 45. Ke4 Kc6 46. Ke5
Kd7 47. Bg5 Kc6 48. Kf6 1-0